000 00237nam a22000977a 4500
005 20260327112356.0
100 _aJose, R.
245 _aPuthiya marangal tappinginayi maarkkucheyyam
260 _bRubber, 718(March): 16-18. 2026
942 _cJS
999 _c75894
_d75894